000 01012nam a22001937a 4500
999 _c59251
_d59251
003 Ge_BSU
005 20221223155803.0
008 221223s1984ge xxu||||| |||| 00| 0 geo d
041 _ageo
080 _a821.353.1-31 გ-43
100 _aგეწაძე, აკაკი, ავტ.
_916552
245 _aარ მოკვდე სიკვდილამდე ანუ წუთისოფლის შავ-თეთრი კრიალოსანი :
_bრომანი /
_c აკაკი გეწაძე, რედ. ე.ფალიანი
264 _aთვბილისი :
_bსაბჭ. საქართველო,
_c1984.
300 _a671გვ. ;
_b22 სმ.
653 _aარ მოკვდე სიკვდილამდე ანუ წუთისოფლის შავ-თეთრი კრიალოსანი
653 _aრომანი.
700 _aფალიანი, ე
_eრედაქტორი
_94048
942 _2udc
_cBK